000 00719am a2200277a 44500
003 AR-BaBNM
005 20251128203539.0
008 117119s1984 #AR|||||||||||000 | esp||
020 _a577-090-1
040 _cAR-BaBNM
100 1 _aBravo, Héctor Félix
245 1 0 _aEl Estado y la enseñanza privada
260 _aBuenos Aires
_bBelgrano
_c1984
300 _a98 p.
490 0 _aTextos
650 4 _aESTADO Y EDUCACION
650 4 _aRECURSOS FINANCIEROS
650 4 _aEVOLUCION DE LA MATRICULA
650 4 _aDOCENTES
653 _aEDUCACION PRIVADA
653 _aFINANCIAMIENTO EDUCATIVO
653 _aSISTEMA EDUCATIVO
653 _aESTABLECIMIENTOS EDUCATIVOS
942 _cBK
998 _cCarmen
999 _c3888
_d3888